000 00429nam a22001697a 4500
003 OSt
005 20210827143230.0
008 210827b |||||||| |||| 00| 0 eng d
020 _a9812-53-096-7
040 _cHU
082 _23rd
_a 519.535/AND
100 _aT. W. Anderson
_9559
245 _aAn Introduction to Multivariate Statistical Analysis
260 _bWILEY INTERSCIENCE
_c2003
300 _a721
942 _2ddc
_cBOOKS
_n0
999 _c692
_d692